The third edition new headway: pre-intermediate, interactive practice cd-rom (Registro nro. 7663)
[ vista simple ]
| 000 -LEADER | |
|---|---|
| fixed length control field | 00696nmm a22002417a 4500 |
| 005 - DATE AND TIME OF LATEST TRANSACTION | |
| control field | 20160219144442.0 |
| 006 - FIXED-LENGTH DATA ELEMENTS--ADDITIONAL MATERIAL CHARACTERISTICS--GENERAL INFORMATION | |
| fixed length control field | a|||||r|||| 00| | |
| 008 - FIXED-LENGTH DATA ELEMENTS--GENERAL INFORMATION | |
| fixed length control field | 160219b xxu||||| |||| 00| 0 spa d |
| 041 ## - LANGUAGE CODE | |
| Language code of text/sound track or separate title | eng |
| 100 ## - AUTOR | |
| Autor | Hayden, Bernie |
| 100 ## - AUTOR | |
| Autor | Soars, John |
| 100 ## - AUTOR | |
| Autor | Soars, Liz |
| 245 ## - TÍTULO | |
| Title | The third edition new headway: pre-intermediate, interactive practice cd-rom |
| 260 ## - PUBLICATION, DISTRIBUTION, ETC. (IMPRINT) | |
| Place of publication | Inglaterra |
| Name of publisher | Oxford University Press |
| Year of publication | 2008 |
| 650 ## - SUBJECT ADDED ENTRY--TOPICAL TERM | |
| Topical Term | GRAMÁTICA |
| 650 ## - SUBJECT ADDED ENTRY--TOPICAL TERM | |
| Topical Term | VOCABULARIO |
| 650 ## - SUBJECT ADDED ENTRY--TOPICAL TERM | |
| Topical Term | ENSEÑANZA DEL INGLES |
| 650 ## - SUBJECT ADDED ENTRY--TOPICAL TERM | |
| Topical Term | ESCRITURA |
| 650 ## - SUBJECT ADDED ENTRY--TOPICAL TERM | |
| Topical Term | DICTADOS |
| 650 ## - SUBJECT ADDED ENTRY--TOPICAL TERM | |
| Topical Term | PRÁCTICAS |
| 650 ## - SUBJECT ADDED ENTRY--TOPICAL TERM | |
| Topical Term | EXAMENES |
| 942 ## - ADDED ENTRY ELEMENTS (KOHA) | |
| Koha item type | Disco Compacto |
| Withdrawn status | Lost status | Damaged status | Not for loan | Home library | Current library | Date acquired | Total Checkouts | Full call number | Accession Number | Date last seen | Price effective from | Koha item type |
|---|---|---|---|---|---|---|---|---|---|---|---|---|
| Departamento de Biblioteca y Documentación Alfonso Chase Brenes | Departamento de Biblioteca y Documentación Alfonso Chase Brenes | 19/02/2016 | 736 DC | 736DC | 19/02/2016 | 19/02/2016 | Disco Compacto |